[Event "AUTO-INT-262"]
[Site "http://www.queenalice.com/game.php?id=135801"]
[Date "2006.12.1"]
[Round "1"]
[White "CampbellMarcel"]
[Black "jimtheshaman"]
[Result "1-0"]
[WhiteElo "1603"]
[BlackElo "1114"]

1. e4 e5 2. Nf3 Bd6 3. Bc4 c5 4. O-O f6 5. b3 Na6 6. c3 Nh6 7. d4 cxd4 8. cxd4
exd4 9. Qxd4 Qc7 10. Rd1 b6 11. Qxd6 Qd8 12. Bxh6 gxh6 13. e5 Rg8 14. Bxg8 Nc7
15. exf6 Ne6 16. f7# 1-0

[Event "AUTO-INT-262"]
[Site "http://www.queenalice.com/game.php?id=135802"]
[Date "2006.12.1"]
[Round "1"]
[White "jimtheshaman"]
[Black "CampbellMarcel"]
[Result "0-1"]
[WhiteElo "1100"]
[BlackElo "1599"]

1. h4 e5 2. e4 b6 3. Nf3 Nc6 4. Nc3 Nf6 5. d3 Bb7 6. Bg5 h6 7. Be3 Be7 8. Na4
Ng4 9. Bd2 Bc5 10. b4 Nxf2 11. Qe2 Nxh1 12. g4 Ng3 13. Qh2 Nxf1 14. Kxf1 Nxb4
15. Nxe5 Nxc2 16. Rc1 Ne3+ 17. Ke1 Qf6 18. d4 Qf1# 0-1

[Event "AUTO-INT-262"]
[Site "http://www.queenalice.com/game.php?id=135807"]
[Date "2006.12.1"]
[Round "1"]
[White "Fredov"]
[Black "jimtheshaman"]
[Result "1-0"]
[WhiteElo "1775"]
[BlackElo "1120"]

1. e4 a5 2. Bc4 e6 3. d4 d5 4. exd5 c5 5. dxe6 fxe6 6. Nf3 Qb6 7. Ng5 e5 8. Qe2
Qb4+ 9. Nc3 h6 10. Qxe5+ Be7 11. Qxg7 Bf6 12. Qf7+ Kd8 13. Ne6+ Bxe6 14. Bxe6
Qxd4 15. Qf8+ Kc7 16. Nb5+ Kc6 17. Nxd4+ Kb6 18. Qd6+ Ka7 19. Nb5# 1-0

[Event "AUTO-INT-262"]
[Site "http://www.queenalice.com/game.php?id=135808"]
[Date "2006.12.1"]
[Round "1"]
[White "jimtheshaman"]
[Black "Fredov"]
[Result "0-1"]
[WhiteElo "1118"]
[BlackElo "1777"]

1. h4 e5 2. Nf3 Qf6 3. c4 Bc5 4. Qa4 e4 5. Qb5 b6 6. Nc3 exf3 7. gxf3 a6 8. Qa4
Bb7 9. d4 Bxd4 10. Ne4 Bxe4 11. fxe4 Qxf2+ 12. Kd1 Nf6 13. Bh3 Nxe4 14. Bg5 Bxb2
15. Rb1 Nc3+ 16. Kc2 Nxa4 17. Kb3 Qg3+ 18. Kxa4 Qa3# 0-1

[Event "Challenge"]
[Site "http://www.queenalice.com/game.php?id=135814"]
[Date "2006.12.1"]
[Round "-"]
[White "jimtheshaman"]
[Black "pimpi"]
[Result "0-1"]
[WhiteElo "1121"]
[BlackElo "1431"]

1. c4 c5 2. d3 e5 3. Nf3 d6 4. Qa4+ Bd7 5. Qa3 Nc6 6. Bg5 Qa5+ 7. Qxa5 Nxa5 8.
h4 f6 9. Bd2 b6 10. b4 cxb4 11. Bxb4 Nb7 12. a4 a5 13. Bc3 Nc5 14. h5 Nb3 15.
Ra3 Nc5 16. d4 Ne6 17. dxe5 dxe5 18. Rb3 Bc5 19. h6 Nxh6 20. Nbd2 Bxa4 21. Rb1
O-O 22. g3 Ng4 23. Rh4 Nh6 24. g4 Bc2 25. Rc1 Ba4 26. g5 fxg5 27. Rg4 Nxg4 28.
Bh3 h5 29. Ne4 Ba3 30. Ra1 Bc2 31. Ng3 Bb4 32. Bd2 g6 33. Ra2 Bb3 34. Rb2 Bxc4
35. Bxb4 axb4 36. Rxb4 e4 37. Nxe4 Ra1+ 38. Kd2 Rd8+ 39. Kc3 Rc1+ 40. Kb2 Rdd1
41. Nc3 Bxe2 42. Bg2 Nxf2 43. Nd4 Nd3+ 44. Kb3 Rb1+ 45. Kc4 Rxb4+ 46. Kd5 Rxd4+
47. Kxe6 Nf4+ 48. Kf6 Nxg2 49. Nxe2 Rd6+ 50. Kxg5 Re1 51. Ng3 Rd5+ 52. Kxg6 Re6#
0-1

[Event "Challenge"]
[Site "http://www.queenalice.com/game.php?id=135950"]
[Date "2006.12.1"]
[Round "-"]
[White "jimtheshaman"]
[Black "leomoraes"]
[Result "0-1"]
[WhiteElo "1112"]
[BlackElo "1100"]

1. h4 e6 2. e4 Nc6 3. Bd3 Nf6 4. Nc3 Be7 5. Na4 d5 6. exd5 Nxd5 7. b3 O-O 8. Be4
f5 9. Bd3 Ncb4 10. Nf3 Nf4 11. Bc4 Nxg2+ 12. Kf1 Nf4 13. Ne5 Bxh4 14. Ba3 a5 15.
Nf3 Bf6 16. d4 c6 17. Qe1 b5 18. Bxb4 bxc4 19. Bc3 cxb3 20. axb3 Ba6+ 21. Kg1
Ne2+ 22. Kg2 Re8 23. Qxe2 Bxe2 24. Rh3 f4 25. d5 e5 26. Re1 Bxf3+ 27. Rxf3 Bh4
28. Kf1 Qxd5 29. Rh3 Bg5 30. Nb6 Qb5+ 31. Re2 Qxb6 32. Bxe5 Qb5 33. Rh5 Rxe5 34.
Rxg5 Rxg5 35. f3 Re8 36. c4 Qb8 37. Ra2 Qe5 38. Rg2 Qe1# 0-1

[Event "AUTO-BEG-46"]
[Site "http://www.queenalice.com/game.php?id=136728"]
[Date "2006.12.3"]
[Round "1"]
[White "kingtaker"]
[Black "jimtheshaman"]
[Result "0-1"]
[WhiteElo "1131"]
[BlackElo "1103"]

1. e4 e5 2. d4 exd4 3. c3 dxc3 4. Bc4 cxb2 5. Bxb2 Bb4+ 6. Nd2 f5 7. Qb3 Qe7 8.
Nf3 Nc6 9. O-O Qf8 10. a3 Bd6 11. Rfe1 Nf6 12. exf5+ Ne5 13. Nxe5 Bc5 0-1

[Event "AUTO-BEG-46"]
[Site "http://www.queenalice.com/game.php?id=136729"]
[Date "2006.12.3"]
[Round "1"]
[White "jimtheshaman"]
[Black "kingtaker"]
[Result "1-0"]
[WhiteElo "1084"]
[BlackElo "1150"]

1. h4 d5 2. e3 e5 3. Bb5+ Bd7 4. f4 exf4 5. a4 Be7 6. b3 Nf6 7. Rh3 Bxb5 8. axb5
fxe3 9. dxe3 O-O 10. c4 dxc4 11. bxc4 Qxd1+ 12. Kxd1 Rd8+ 13. Ke2 1-0

[Event "AUTO-BEG-46"]
[Site "http://www.queenalice.com/game.php?id=136746"]
[Date "2006.12.3"]
[Round "1"]
[White "Exir"]
[Black "jimtheshaman"]
[Result "1-0"]
[WhiteElo "1221"]
[BlackElo "1120"]

1. e4 Nf6 2. e5 Ne4 3. d3 Nxf2 4. Kxf2 d5 5. d4 e6 6. c4 Qh4+ 7. g3 Qh6 8. Bxh6
gxh6 9. cxd5 exd5 10. Nc3 h5 11. Nxd5 c6 12. Ne3 h4 13. gxh4 Rg8 14. Qd3 Rg7 15.
Nf5 Rg8 16. Nd6+ Bxd6 17. exd6 Rg6 18. Re1+ Kf8 19. Bh3 Bg4 20. Bxg4 Rxg4 21.
Qxh7 Nd7 22. Qh8+ Rg8 23. Qh6+ Rg7 24. Nf3 Re8 25. Rhg1 Re6 26. Qxg7+ Ke8 27.
Rxe6+ Kd8 28. Qxf7 Nb8 29. Re8# 1-0

[Event "AUTO-BEG-46"]
[Site "http://www.queenalice.com/game.php?id=136747"]
[Date "2006.12.3"]
[Round "1"]
[White "jimtheshaman"]
[Black "Exir"]
[Result "0-1"]
[WhiteElo "1095"]
[BlackElo "1218"]

1. h4 e5 2. e4 Nc6 3. Nc3 Nf6 4. Bb5 Nd4 5. Bc4 Bc5 6. Nge2 O-O 7. Na4 Nxe4 8.
Rh3 d5 9. Bd3 Bxh3 10. gxh3 Qxh4 11. Nxd4 Bxd4 12. Be2 Nxf2 13. Nc3 Nxd1+ 14.
Kxd1 Qxh3 15. d3 Bxc3 16. bxc3 Qh1+ 17. Kd2 e4 18. Bb2 Qh6+ 19. Kd1 exd3 20.
cxd3 Rae8 21. Kc2 Rxe2+ 22. Kb3 Qb6+ 23. Ka3 Qxb2+ 24. Ka4 Qxa1 25. a3 Qxc3 26.
d4 Qxd4+ 0-1

[Event "Challenge"]
[Site "http://www.queenalice.com/game.php?id=137076"]
[Date "2006.12.4"]
[Round "-"]
[White "paddymalonespub"]
[Black "jimtheshaman"]
[Result "1-0"]
[WhiteElo "1368"]
[BlackElo "1116"]

1. d4 d5 2. Nc3 Be6 3. e4 dxe4 4. Nxe4 h5 5. Be3 g6 6. Ng5 Bf5 7. Bd3 f6 8. Bxf5
gxf5 9. Ne6 Qd7 10. d5 c6 11. c4 cxd5 12. cxd5 a5 13. Nf3 a4 14. b3 Ra5 15. Nxf8
Kxf8 16. O-O Rxd5 17. Qc2 Nc6 18. Bc5 Nh6 19. Rad1 b6 20. Bxb6 Rb5 21. Rxd7 Rxb6
22. Rfd1 axb3 23. axb3 Ng4 24. Qxf5 Kf7 25. Qd5+ Kf8 26. Rd8+ Kg7 27. Rxh8 Kxh8
28. Qxh5+ Kg8 29. Qxg4+ Kf7 30. Qc4+ Kg6 31. Nh4+ Kg5 32. Rd5+ f5 33. Rxf5+ Kh6
34. Qe6+ Kh7 35. Qg6+ Kh8 36. Rh5# 1-0

[Event "Challenge"]
[Site "http://www.queenalice.com/game.php?id=139950"]
[Date "2006.12.11"]
[Round "-"]
[White "pimpi"]
[Black "jimtheshaman"]
[Result "1-0"]
[WhiteElo "1678"]
[BlackElo "1100"]

1. d4 d5 2. c4 c5 3. dxc5 dxc4 4. Qxd8+ Kxd8 5. e4 e5 6. Bxc4 Bxc5 7. Bxf7 Nh6
8. Bxh6 gxh6 9. Nf3 Rf8 10. Nxe5 Bd6 11. Nd3 Rxf7 12. Nc3 Bd7 13. e5 Be7 14. O-O
Bf5 15. Nf4 Bb4 16. Ncd5 Be4 17. Nxb4 Rxf4 18. f3 Bf5 19. Rfd1+ Nd7 20. Nd5 Rh4
21. g4 Be6 22. Kg2 h5 23. Kg3 Rxg4+ 24. fxg4 Bxg4 25. Rd4 Bf5 26. Rad1 Nxe5 27.
Nb6+ Ke7 28. Nxa8 Ng6 29. Rb4 a5 30. Rxb7+ Kf6 31. Rd6+ Kg5 32. Rd5 h4+ 33. Kf3
Nf4 34. Rg7+ Kh5 35. Rxf5+ Kh6 36. Rg8 Ng6 37. Kg4 a4 38. Rh5# 1-0

[Event "Challenge"]
[Site "http://www.queenalice.com/game.php?id=140012"]
[Date "2006.12.12"]
[Round "-"]
[White "genethetrucker"]
[Black "jimtheshaman"]
[Result "1-0"]
[WhiteElo "1187"]
[BlackElo "1164"]

1. e4 e5 2. Nf3 d6 3. Bb5+ c6 4. Bc4 d5 5. exd5 cxd5 6. Bb3 Nc6 7. O-O f6 8. d3
h5 9. c3 g5 10. d4 e4 11. Ne1 g4 12. Be3 Nge7 13. Nd2 Nf5 14. Bf4 Nce7 15. Nc2
Rg8 16. g3 h4 17. Qe2 hxg3 18. fxg3 Ng6 19. Qf2 e3 20. Nxe3 Nd6 21. Bxd5 Rg7 22.
Rae1 a5 23. Nf5+ Re7 24. Nxe7 Nxe7 25. Nb3 a4 26. Nc5 b6 27. Ne6 Qd7 28. Bxa8
Nef5 29. Nc5+ Qe7 30. Bxd6 Nxd6 31. Bc6+ Kf7 32. Rxe7+ Bxe7 33. Nxa4 b5 34. Nb6
Bf5 35. Qe2 Nc8 36. Rxf5 Nxb6 37. Bd5+ Kg6 38. Qxg4+ Kh7 39. Rh5# 1-0

[Event "Challenge"]
[Site "http://www.queenalice.com/game.php?id=143252"]
[Date "2006.12.18"]
[Round "-"]
[White "jimtheshaman"]
[Black "pimpi"]
[Result "0-1"]
[WhiteElo "1112"]
[BlackElo "1788"]

1. h4 d5 2. e3 c5 3. Rh3 Bxh3 4. Nxh3 e6 5. a3 Qxh4 6. d4 Nc6 7. b4 cxb4 8. axb4
Bxb4+ 9. c3 Bd6 10. Qa4 Ne7 11. g3 Bxg3 12. fxg3 Qxg3+ 13. Ke2 Nf5 14. Nd2 Qxe3+
15. Kd1 Qxc3 16. Ra3 Qxd4 17. Qb5 Nd6 18. Qd3 h5 19. Ng5 Qxd3 20. Rxd3 Nf5 21.
Nh3 e5 22. Rxd5 Ne3+ 23. Ke1 Nxd5 24. Nb3 f5 25. Bg5 a5 26. Bh4 a4 27. Na1 Ne3
28. Be2 Ng2+ 29. Kf2 Nxh4 30. Ng1 g5 31. Nf3 Nxf3 32. Bxf3 a3 33. Bd5 Ra5 34.
Bb3 Rc5 35. Ke2 Rc1 36. Nc2 a2 37. Kd2 Rxc2+ 38. Kxc2 a1=Q 39. Bc4 Nd4+ 40. Kd3
Qb2 41. Ke3 Qg2 42. Bd3 f4# 0-1

[Event "Challenge"]
[Site "http://www.queenalice.com/game.php?id=159270"]
[Date "2007.1.26"]
[Round "-"]
[White "edsonholanda"]
[Black "jimtheshaman"]
[Result "1-0"]
[WhiteElo "1518"]
[BlackElo "1164"]

1. e4 a5 2. d4 b6 3. e5 d5 4. Nf3 h6 5. Bd3 g5 6. Nc3 e6 7. O-O Ne7 8. Be3 Nbc6
9. Bb5 Bb7 10. Bxc6+ Nxc6 11. Qe2 a4 12. a3 Rg8 13. b3 Ba6 14. Nb5 f6 15. bxa4
Na5 16. Rab1 Bxa3 17. Qd2 Bb7 18. Qd3 Nc4 19. Qc3 Be7 20. exf6 Bd6 21. Nxd6+
Nxd6 22. a5 1-0